| 000 | 00697cam a2200181 a 4500 | ||
|---|---|---|---|
| 020 | _a1565640969 | ||
| 082 | 0 | 0 |
_a340.5/9 _bNYA _cN-01, p-156 |
| 100 | 1 |
_aNyazee, Imran Ahsan Khan. _9613 |
|
| 245 | 1 | 0 |
_aIslamic jurisprudence : _buṣūl al-Fiqh / _cImran Ahsan Khan Nyazee. |
| 260 |
_aIslamabad : _bInternational Institute of Islamic Thought : _bIslamic Research Institute, _c2000. |
||
| 300 |
_axvi, 405 p. ; _c25 cm. |
||
| 490 | 1 | _aIslamic law and jurisprudence series / Zafar Ishaq Ansari ; | |
| 526 |
_a0 _b0 _c0 _d340_590000000000000_NYA |
||
| 650 | 0 | _aIslamic law | |
| 650 | 0 |
_aIslamic law _xInterpretation and construction. _9532 |
|
| 650 | 0 |
_aIslamic law _xMethodology. _9531 |
|
| 942 |
_2ddc _cBK |
||
| 999 |
_c542303 _d542303 |
||